02868nam a2200433 a 4500001000500000003000500005005001700010007000300027008004100030020001800071040001700089041002500106082002600131245020200157250004400359264003200403300003400435336002700469337002700496338002800523490008700551500020100638500005500839500014900894504002801043505024701071520069701318650004102015650002902056650001702085650002902102700003202131700003302163700004302196700003702239700003802276700003302314830008702347Z_76CHAP20250514131737.0ta220601s1982 mx a fr 001 0 spa d a968-24-1159-9 aZcCHAPerda0 bEspañolfEspañol a631.55 bC67 198222000aCosechadoras de forrajes / cBasado en el trabajo de Johan D. Berlijn; colaboradores Pieter M. Rijk, I. De la Rosa Peñaloza, N. Paulpin Torres y E. López González; revisión C. Glass Pastor  aPrimera ediciónb(reimpresión 2007) 1aMéxico : bTrillas,c1982 a88 páginas :bilustraciones 2rdacontentatextobtxt 2rdamediaasin mediobn 2rdacarrieravolumenbnc1 aManuales para educación agropecuaria: Área mecánica agrícola; 47 (Trillas) aEsta serie se llevó a cabo bajo la supervisión del Ir. Johan D. Berlijn, oficial técnico de la FAO y fue realizada por 15 técnicos mexicanos, así como por 20 técnicos internacionales.  aLa Biblioteca cuenta con la reimpresión del 2007 aej.1- ej.2: C/E \ ej.3 - ej.4: Donación Biblioteca Central \ ej.5 - ej.7: C/E \ ej.8 - ej.9: S/N (sin sellos) Inventario Interno: 0030 - 0031  aIncluye bibliografía 0 aPrólogo -- Advertencia -- 1. Introducción -- 2. Máquinas segadoras -- 3. Máquinas picadoras-sopladoras -- 4. Máquinas de henificación -- 5. Máquinas empacadoras -- 6. Manipuleo del forraje -- 7. Métodos de cosecha de forrajes  aEste manual describe la maquinaria utilizada en la cosecha y e manejo de forrajes: segadoras, picadoras-sopladoras, máquinas de henificación y empacadoras, así como el equipo para el manipuleo de forraje y los métodos de cosecha de los mismos, los cuales permiten a los productores agropecuarios obtener un producto de alta calidad alimenticia para el ganado. por medio de las operaciones mecanizadas es posible, por una parte, obtener mayores ganancias en la producción de leche y carne, y por otra, lograr una adecuada conservación de alimentos para ser utilizados en invierno o en otros periodos de menor producción forrajera, así como mantener los pastos en mejor estado.  0aMaquinaria y equipamiento agrícola13aCosechadoras de forrajes13aCosechadoras13aCosechadoras de forrajes1 aBerlijn, Johan D.edirector1 aRijt, Pieter M.ecolaborador1 aDe la Rosa Peñaloza, I.ecolaborador1 aTorres, Paulín N.ecolaborador1 aLopez González, E.ecolaborador1 aPastor, C. Glasserevisión aManuales para educación agropecuaria: Área mecánica agrícola; 47 (Trillas)